[Event "Slovenian chT 2019"]
[Site "Slovenia"]
[Date "2019.11.22"]
[Round "4"]
[White "Skuhala, Jernej"]
[Black "Gombac, Jan"]
[Result "0-1"]
[WhiteElo "2266"]
[BlackElo "2246"]
[Annotator "ChessBase"]
[PlyCount "94"]
[EventDate "2019.??.??"]
[EventCountry "SLO"]
[SourceTitle "playchess.com"]
[Source "ChessBase"]
[SourceQuality "1"]
[TimeControl "40/5400+30:1800+30"]

1. e4 c6 2. d4 d6 3. f4 d5 4. Nc3 dxe4 5. Nxe4 Nf6 6. Ng3 h5 7. Bc4 h4 8. Nf1 h3 9. g3 e6 10. Ne3 b5 11. Be2 Bb7 12. Bf3 Nbd7 13. a4 Qc7 14. axb5 cxb5 15. Bxb7 Qxb7 16. Qf3 Qe4 17. Qxe4 Nxe4 18. Nf3 Bb4+ 19. Ke2 a5 20. c3 Bd6 21. Bd2 Nb6 22. Rhf1 a4 23. Kd3 f5 24. Nd1 Kd7 25. Nf2 Nc4 26. Ra2 Nxf2+ 27. Rxf2 Rhc8 28. Re2 Rh8 29. Re1 Rac8 30. Bc1 Rc7 31. Rg1 Be7 32. g4 fxg4 33. Rxg4 Bf6 34. Ne5+ Bxe5 35. fxe5 Kc6 36. Ke4 Rf7 37. Rg6 Rh4+ 38. Kd3 Kd5 39. b3 axb3 40. Ra8 b2 41. Rd8+ Kc6 42. Bxb2 Rf3+ 43. Kc2 Rf2+ 44. Kb1 Rxb2+ 45. Kc1 Re4 46. Rc8+ Kd7 47. Rxc4 Rg2 0-1

[Event "Slovenian chT 2019"]
[Site "Slovenia"]
[Date "2019.11.22"]
[Round "4"]
[White "Hiti, Domen"]
[Black "Markun, Bostjan"]
[Result "0-1"]
[WhiteElo "2251"]
[BlackElo "2260"]
[Annotator "ChessBase"]
[PlyCount "76"]
[EventDate "2019.??.??"]
[EventCountry "SLO"]
[SourceTitle "playchess.com"]
[Source "ChessBase"]
[SourceQuality "1"]
[TimeControl "40/5400+30:1800+30"]

1. d4 Nf6 2. c4 g6 3. Nc3 Bg7 4. e4 d6 5. Nf3 O-O 6. Be2 e5 7. d5 Na6 8. Be3 Nc5 9. Nd2 a5 10. a3 Nfd7 11. b4 axb4 12. axb4 Rxa1 13. Qxa1 Na6 14. Qa3 f5 15. f3 Bh6 16. Na2 Qh4+ 17. Kd1 Nf6 18. Bxh6 Qxh6 19. exf5 Bxf5 20. g4 Bd7 21. Bd3 Qf4 22. Nc3 Qe3 23. Kc2 e4 24. fxe4 Nxg4 25. Nd1 Qb6 26. b5 Nc5 27. Be2 Nf2 28. Nxf2 Rxf2 29. Qe3 Rf8 30. Ra1 Re8 31. Bf3 c6 32. dxc6 bxc6 33. h4 cxb5 34. h5 bxc4 35. Rb1 Ba4+ 36. Kc1 Qc7 37. Be2 Nd3+ 38. Bxd3 cxd3+ 0-1

[Event "Slovenian chT 2019"]
[Site "Slovenia"]
[Date "2019.11.22"]
[Round "4"]
[White "Zvan, Ziga"]
[Black "Janzelj, Lara"]
[Result "0-1"]
[WhiteElo "2249"]
[BlackElo "2158"]
[Annotator "ChessBase"]
[PlyCount "68"]
[EventDate "2019.??.??"]
[EventCountry "SLO"]
[SourceTitle "playchess.com"]
[Source "ChessBase"]
[SourceQuality "1"]
[TimeControl "40/5400+30:1800+30"]

1. d4 d5 2. c4 dxc4 3. Nf3 Nf6 4. e3 b5 5. a4 b4 6. Bxc4 e6 7. O-O Be7 8. Nbd2 O-O 9. e4 Bb7 10. Qe2 c5 11. dxc5 Nbd7 12. c6 Bxc6 13. Nd4 Bb7 14. e5 Nd5 15. N2f3 Nc5 16. a5 a6 17. Bd2 Rb8 18. Rfd1 Qc7 19. Nc2 Rfd8 20. Rdc1 Qd7 21. Ncd4 Rdc8 22. h3 Rc7 23. Nb3 Nxb3 24. Bxb3 Rxc1+ 25. Rxc1 Bd8 26. Ng5 Bxa5 27. Qd3 g6 28. Ne4 Kg7 29. Bg5 Bd8 30. Nc5 Qe8 31. Bxd8 Qxd8 32. Nxa6 Nf4 33. Qxd8 Rxd8 34. Nxb4 Ne2+ 0-1

[Event "Slovenian chT 2019"]
[Site "Slovenia"]
[Date "2019.11.22"]
[Round "4"]
[White "Kastelic, Marian"]
[Black "Trbojevic, Mladen"]
[Result "1-0"]
[WhiteElo "2248"]
[BlackElo "2335"]
[Annotator "ChessBase"]
[PlyCount "111"]
[EventDate "2019.??.??"]
[EventCountry "SLO"]
[SourceTitle "playchess.com"]
[Source "ChessBase"]
[SourceQuality "1"]
[TimeControl "40/5400+30:1800+30"]

1. d4 Nf6 2. Nf3 g6 3. g3 Bg7 4. c4 d5 5. cxd5 Nxd5 6. e4 Nb6 7. h3 O-O 8. Nc3 c5 9. dxc5 Bxc3+ 10. bxc3 Qxd1+ 11. Kxd1 Na4 12. Kc2 Nxc5 13. Nd2 Bd7 14. Ba3 Ba4+ 15. Nb3 Nbd7 16. Re1 Rac8 17. Kb2 Rc6 18. f4 Rb6 19. Bb4 Bxb3 20. axb3 a5 21. Bxa5 Rxb3+ 22. Kc2 Ra3 23. Bb4 Ra2+ 24. Kb1 Rd2 25. Bb5 Ra8 26. Rd1 Raa2 27. Rxd2 Rxd2 28. Bxd7 Nxd7 29. Bxe7 f6 30. Kc1 Rd3 31. Kc2 Rxg3 32. Rd1 Nb6 33. Bxf6 Rxh3 34. Rb1 Nd7 35. Bd4 b6 36. Bxb6 Rf3 37. Bd4 Rxf4 38. Rb7 Rf7 39. e5 Nf8 40. Rb8 Rc7 41. e6 Re7 42. Bc5 Rxe6 43. Bxf8 h5 44. Bh6+ Kf7 45. Bg5 Re5 46. Rb7+ Ke8 47. Bf4 Re4 48. Rb4 Re2+ 49. Kd3 Rg2 50. Rb7 h4 51. Rh7 g5 52. Be5 Rg1 53. c4 Rh1 54. c5 h3 55. c6 Rd1+ 56. Ke4 1-0

[Event "Slovenian chT 2019"]
[Site "Slovenia"]
[Date "2019.11.22"]
[Round "4"]
[White "Urbanc, Peter"]
[Black "Titan, Matej"]
[Result "0-1"]
[WhiteElo "2212"]
[BlackElo "2229"]
[Annotator "ChessBase"]
[PlyCount "120"]
[EventDate "2019.??.??"]
[EventCountry "SLO"]
[SourceTitle "playchess.com"]
[Source "ChessBase"]
[SourceQuality "1"]
[TimeControl "40/5400+30:1800+30"]

1. d4 Nf6 2. Bg5 Ne4 3. Bh4 c5 4. Nd2 Nxd2 5. Qxd2 cxd4 6. Nf3 Nc6 7. Nxd4 Qb6 8. Nxc6 bxc6 9. b3 e6 10. e4 Qb4 11. Bd3 Qxd2+ 12. Kxd2 e5 13. Bg3 d6 14. b4 Be7 15. a4 O-O 16. b5 Be6 17. Rhb1 c5 18. a5 Rfb8 19. c4 g6 20. Kc3 Bg5 21. Re1 Kf8 22. Rad1 Bd8 23. Ra1 Bg5 24. Kc2 Ke8 25. f3 Kd7 26. Re2 h5 27. Be1 Kc7 28. a6 Kd7 29. Rd1 Rg8 30. Kc3 Bd8 31. Ra2 Rb8 32. Bc2 Ke7 33. Bb3 Bc7 34. Rd3 f5 35. exf5 gxf5 36. Bh4+ Kf7 37. Re2 Bd8 38. Rxd6 Bxh4 39. Rxe5 Rbe8 40. Rxc5 Be1+ 41. Kd3 Rxg2 42. Rc7+ Kf8 43. Rxe6 Rd2+ 44. Ke3 Rxe6+ 45. Kf4 Re7 46. Rc8+ Kg7 47. c5 Rd4+ 48. Kxf5 Rb4 49. Bd5 Rxb5 50. f4 Bf2 51. Rg8+ Kh7 52. Rg5 Rxc5 53. Rxh5+ Kg7 54. Rg5+ Kh6 55. Rg6+ Kh7 56. Rd6 Rb5 57. Kf6 Bh4+ 58. Kf5 Rc7 59. Ke6 Be7 60. Bc6 Bxd6 0-1

[Event "Slovenian chT 2019"]
[Site "Slovenia"]
[Date "2019.11.22"]
[Round "4"]
[White "Polajzer, Danilo"]
[Black "Riegler, Primoz"]
[Result "1/2-1/2"]
[WhiteElo "2207"]
[BlackElo "2304"]
[Annotator "ChessBase"]
[PlyCount "73"]
[EventDate "2019.??.??"]
[EventCountry "SLO"]
[SourceTitle "playchess.com"]
[Source "ChessBase"]
[SourceQuality "1"]
[TimeControl "40/5400+30:1800+30"]

1. e4 c5 2. c3 d5 3. exd5 Qxd5 4. d4 Nc6 5. Nf3 Bg4 6. Be2 cxd4 7. cxd4 Nf6 8. O-O e6 9. Nc3 Qa5 10. a3 Be7 11. Qb3 Qc7 12. Bg5 O-O 13. Rfd1 Rfd8 14. Bxf6 Bxf6 15. d5 Bxf3 16. Nb5 Qb6 17. Bxf3 Ne5 18. Be4 Ng4 19. Qg3 Nxf2 20. Qxf2 Qxb5 21. dxe6 fxe6 22. Qf3 Qxb2 23. Rab1 Qb6+ 24. Kh1 Rxd1+ 25. Rxd1 Rd8 26. Rxd8+ Qxd8 27. Bxb7 Qd2 28. g3 Qc1+ 29. Kg2 Kf7 30. Be4 g6 31. h4 Kg7 32. Bc6 Qd2+ 33. Kh3 Qd6 34. h5 gxh5 35. Be8 h4 36. gxh4 Qe5 37. Qg3+ 1/2-1/2

[Event "Slovenian chT 2019"]
[Site "Slovenia"]
[Date "2019.11.22"]
[Round "4"]
[White "Rozic, Samo"]
[Black "Rozman, Monika"]
[Result "1/2-1/2"]
[WhiteElo "2205"]
[BlackElo "2127"]
[Annotator "ChessBase"]
[PlyCount "61"]
[EventDate "2019.??.??"]
[EventCountry "SLO"]
[SourceTitle "playchess.com"]
[Source "ChessBase"]
[SourceQuality "1"]
[TimeControl "40/5400+30:1800+30"]

1. f4 d5 2. Nf3 Nf6 3. g3 c5 4. Bg2 Nc6 5. O-O g6 6. d3 Bg7 7. c3 O-O 8. Na3 Re8 9. Qe1 Rb8 10. Qf2 b6 11. h3 Bb7 12. g4 d4 13. cxd4 cxd4 14. Nc2 Nd5 15. Bd2 Qd7 16. Nfxd4 Nxd4 17. Nxd4 Nxf4 18. Bxf4 Bxg2 19. Kxg2 Bxd4 20. e3 Qd5+ 21. Qf3 Qxf3+ 22. Rxf3 e5 23. Bg3 Bxb2 24. Rb1 Ba3 25. d4 Rbc8 26. Bxe5 Rc2+ 27. Rf2 Rec8 28. Rbf1 Kf8 29. Kf3 a5 30. Ke4 Rxf2 31. Rxf2 1/2-1/2

[Event "Slovenian chT 2019"]
[Site "Slovenia"]
[Date "2019.11.22"]
[Round "4"]
[White "Slibar, Matjaz"]
[Black "Rozic, Adrijan"]
[Result "0-1"]
[WhiteElo "2188"]
[BlackElo "2048"]
[Annotator "RC"]
[PlyCount "144"]
[EventDate "2019.??.??"]
[EventCountry "SLO"]
[SourceTitle "playchess.com"]
[Source "ChessBase"]
[SourceQuality "1"]
[TimeControl "40/5400+30:1800+30"]

1. e4 e6 2. d4 d5 3. Nd2 Nf6 4. e5 Nfd7 5. f4 c5 6. Ngf3 cxd4 7. Nb3 Nc6 8. Nbxd4 Nxd4 9. Nxd4 g6 10. Be2 a6 11. O-O Bg7 12. Be3 O-O 13. c3 Qe7 14. Bf3 Nb8 15. Nb3 Re8 16. Bc5 Qd8 17. Qd2 b5 18. a4 bxa4 19. Rxa4 Bd7 20. Ra3 Bb5 21. Rfa1 Nd7 22. Bf2 Bf8 23. Ra5 Nb6 24. Qe1 Nc4 25. R5a2 Rb8 26. Nd4 Qc8 27. Be2 Qd7 28. b3 Nb6 29. Qf1 Nc8 30. c4 dxc4 31. bxc4 Bc6 32. Nxc6 Qxc6 33. Rxa6 Qe4 34. Bg3 Rb2 35. R6a2 Rxa2 36. Rxa2 Bc5+ 37. Bf2 Bf8 38. Qc1 Ne7 39. Bf3 Qd3 40. Qc2 Qd7 41. Ra7 Qc8 42. Qa4 Qb8 43. h3 Qb1+ 44. Kh2 Rc8 45. Ra8 Rxa8 46. Qxa8 Qc2 47. Bc5 Kg7 48. Qe4 Qc1 49. Bf2 Nf5 50. g4 Qd2 51. Kg1 Ne7 52. Qd4 Qc1+ 53. Kg2 h5 54. Be3 Qc2+ 55. Kg3 hxg4 56. hxg4 g5 57. fxg5 Ng6 58. c5 Ne7 59. Be4 Qe2 60. Bd3 Qe1+ 61. Bf2 Qd2 62. Qe3 Qc3 63. Qe4 Ng6 64. c6 Be7 65. Bd4 Qc1 66. Be3 Qc3 67. Bb6 Bxg5 68. c7 Bf4+ 69. Kf2 Bxe5 70. Qc4 Qb2+ 71. Be2 Qxb6+ 72. Kf1 Bxc7 0-1

[Event "Slovenian chT 2019"]
[Site "Slovenia"]
[Date "2019.11.22"]
[Round "4"]
[White "Breznik, Kristijan"]
[Black "Suta, Andraz"]
[Result "0-1"]
[WhiteElo "2180"]
[BlackElo "2242"]
[Annotator "NA"]
[PlyCount "68"]
[EventDate "2019.??.??"]
[EventCountry "SLO"]
[SourceTitle "playchess.com"]
[Source "ChessBase"]
[SourceQuality "1"]
[TimeControl "40/5400+30:1800+30"]

1. e4 e5 2. Nf3 Nc6 3. Bc4 Bc5 4. c3 Nf6 5. d3 d6 6. a4 a5 7. O-O Ba7 8. Re1 Ne7 9. Bg5 Ng6 10. Nh4 c6 11. Qf3 Bg4 12. Qg3 Qd7 13. h3 Be6 14. Bxe6 Qxe6 15. Nd2 Nh5 16. Qf3 Nxh4 17. Qxh5 Ng6 18. Nc4 $11 O-O 19. Be3 Bxe3 20. Rxe3 f5 21. exf5 Rxf5 22. Qg4 h5 23. Qd1 d5 24. Nd2 Raf8 25. Nf3 Qf6 26. Qe1 Nf4 27. Rxe5 Nxh3+ 28. Kh2 Rxf3 29. gxf3 Qf4+ 30. Kxh3 Qxf3+ 31. Kh2 Rf4 32. Rxh5 Qxh5+ 33. Kg1 Qh3 34. f3 Rxf3 0-1

[Event "Slovenian chT 2019"]
[Site "Slovenia"]
[Date "2019.11.22"]
[Round "4"]
[White "Belsak, Zan"]
[Black "Spacapan, Simon"]
[Result "1/2-1/2"]
[WhiteElo "2172"]
[BlackElo "1968"]
[Annotator "NA"]
[PlyCount "79"]
[EventDate "2019.??.??"]
[EventCountry "SLO"]
[SourceTitle "playchess.com"]
[Source "ChessBase"]
[SourceQuality "1"]
[TimeControl "40/5400+30:1800+30"]

1. e4 c5 2. Nc3 a6 3. f4 e6 4. Nf3 Qc7 5. d3 d6 6. g4 Nf6 7. h3 b5 8. Bg2 Bb7 9. O-O Be7 10. Ne2 O-O 11. Ng3 d5 12. e5 Nfd7 13. Qe2 Nc6 14. c3 d4 15. Bd2 dxc3 16. bxc3 b4 17. Rfe1 Rfd8 18. f5 Nf8 19. Nh5 bxc3 20. Bxc3 Nd4 21. Bxd4 cxd4 22. Rec1 Qa5 23. f6 gxf6 24. exf6 Ba3 25. Rc2 Ng6 26. Rb1 Rab8 27. Rb3 Bd5 28. Rxb8 Rxb8 29. Nd2 Bxg2 30. Qxg2 Bf8 31. Qe4 Qa4 32. Nb3 Bh6 33. Kg2 Be3 34. Qc6 Qb4 35. Qe4 Qa4 36. Ng7 Nf4+ 37. Kf3 Nd5 38. Nxe6 Nxf6 39. Qe5 Nd5 40. Qe4 1/2-1/2

[Event "Slovenian chT 2019"]
[Site "Slovenia"]
[Date "2019.11.22"]
[Round "4"]
[White "Zupancic, Urban"]
[Black "Zupe, Miran"]
[Result "1-0"]
[WhiteElo "1993"]
[BlackElo "2236"]
[Annotator "NA"]
[PlyCount "65"]
[EventDate "2019.??.??"]
[EventCountry "SLO"]
[SourceTitle "playchess.com"]
[Source "ChessBase"]
[SourceQuality "1"]
[TimeControl "40/5400+30:1800+30"]

1. d4 Nf6 2. c4 e6 3. Nf3 d5 4. g3 Bb4+ 5. Bd2 Qe7 6. a3 Bxd2+ 7. Nbxd2 a5 8. Qc2 O-O 9. Bg2 c6 10. O-O b6 11. Rac1 Bb7 12. Ne5 Nfd7 13. f4 f5 14. cxd5 exd5 15. Ndf3 g6 16. h4 Nf6 17. Bh3 Ra7 18. Kg2 Ba8 19. Ng5 Kg7 20. g4 fxg4 21. Bxg4 Nxg4 22. Nxg4 h6 23. Nf3 Qe6 24. Nfe5 Nd7 25. Rf2 c5 26. Kg1 h5 27. Nxd7 Rxd7 28. Ne5 Rd6 29. dxc5 bxc5 30. Qxc5 Kh6 31. Rg2 Rf6 32. Qc8 Bc6 33. Qh8# 1-0

[Event "Slovenian chT 2019"]
[Site "Slovenia"]
[Date "2019.11.23"]
[Round "5"]
[White "Ruck, Robert"]
[Black "Tomazini, Zan"]
[Result "1/2-1/2"]
[WhiteElo "2526"]
[BlackElo "2359"]
[Annotator "ChessBase"]
[PlyCount "63"]
[EventDate "2019.??.??"]
[EventCountry "SLO"]
[SourceTitle "playchess.com"]
[Source "ChessBase"]
[SourceQuality "1"]
[TimeControl "40/5400+30:1800+30"]

1. Nf3 Nf6 2. g3 g6 3. Bg2 Bg7 4. O-O O-O 5. d4 d5 6. Nbd2 c6 7. c4 Nbd7 8. b3 b6 9. Bb2 Bb7 10. Rc1 Rc8 11. cxd5 cxd5 12. Rxc8 Qxc8 13. Qb1 Qb8 14. Rc1 Rc8 15. Ba3 e6 16. e3 Rc6 17. Rxc6 Bxc6 18. Qc2 Bb7 19. Bf1 Bf8 20. Bxf8 Kxf8 21. Qc3 Qd6 22. Ne5 Kg7 23. Bb5 Nb8 24. b4 Nfd7 25. Nxd7 Nxd7 26. a3 Nb8 27. Nf3 Bc6 28. Bd3 f6 29. Kf1 Bb7 30. Ke1 Qc6 31. Qxc6 Nxc6 32. Bb5 1/2-1/2

[Event "Slovenian chT 2019"]
[Site "Slovenia"]
[Date "2019.11.23"]
[Round "5"]
[White "Beliavsky, Alexander G"]
[Black "Kovacevic, Blazimir"]
[Result "1/2-1/2"]
[WhiteElo "2519"]
[BlackElo "2453"]
[Annotator "ChessBase"]
[PlyCount "60"]
[EventDate "2019.??.??"]
[EventCountry "SLO"]
[SourceTitle "playchess.com"]
[Source "ChessBase"]
[SourceQuality "1"]
[TimeControl "40/5400+30:1800+30"]

1. d4 e6 2. g3 d5 3. Bg2 Nf6 4. Nf3 Be7 5. c4 O-O 6. O-O c6 7. b3 b6 8. Nc3 Bb7 9. Bb2 Nbd7 10. Qc2 Rc8 11. Rad1 c5 12. dxc5 dxc4 13. b4 bxc5 14. b5 Qc7 15. e4 Ng4 16. Nd2 Rfd8 17. Nxc4 Nge5 18. b6 Qc6 19. Nd5 exd5 20. exd5 Qg6 21. Qxg6 Nxg6 22. d6 Bxg2 23. dxe7 Nxe7 24. Kxg2 Nxb6 25. Rxd8+ Rxd8 26. Rc1 Na4 27. Be5 f6 28. Nb2 Nb6 29. Bf4 Ned5 30. Rxc5 Nxf4+ 1/2-1/2

[Event "Slovenian chT 2019"]
[Site "Slovenia"]
[Date "2019.11.23"]
[Round "5"]
[White "Aczel, Gergely"]
[Black "Markoja, Boris"]
[Result "1/2-1/2"]
[WhiteElo "2515"]
[BlackElo "2445"]
[Annotator "RC"]
[PlyCount "66"]
[EventDate "2019.??.??"]
[EventCountry "SLO"]
[SourceTitle "playchess.com"]
[Source "ChessBase"]
[SourceQuality "1"]
[TimeControl "40/5400+30:1800+30"]

1. c4 Nf6 2. Nc3 e6 3. e4 d5 4. e5 d4 5. exf6 dxc3 6. bxc3 Qxf6 7. d4 b6 8. Be2 Bb7 9. Bf3 Bxf3 10. Nxf3 Bd6 11. Qa4+ c6 12. Ba3 Qe7 13. Bxd6 Qxd6 14. O-O Nd7 15. Rfd1 O-O 16. Qb3 Qc7 17. a4 Rab8 18. h3 Rfd8 19. Qa3 c5 20. Qa2 Nf6 21. Qe2 Rbc8 22. Ne5 cxd4 23. cxd4 Nd7 24. Nxd7 Rxd7 25. a5 h6 26. axb6 axb6 27. Ra4 Rd6 28. Rb4 Rcd8 29. Qe5 Qd7 30. d5 exd5 31. cxd5 Rxd5 32. Rxd5 Qxd5 33. Qxd5 Rxd5 1/2-1/2

[Event "Slovenian chT 2019"]
[Site "Slovenia"]
[Date "2019.11.23"]
[Round "5"]
[White "Sebenik, Matej"]
[Black "Hiti, Domen"]
[Result "1-0"]
[WhiteElo "2512"]
[BlackElo "2251"]
[Annotator "ChessBase"]
[PlyCount "69"]
[EventDate "2019.??.??"]
[EventCountry "SLO"]
[SourceTitle "playchess.com"]
[Source "ChessBase"]
[SourceQuality "1"]
[TimeControl "40/5400+30:1800+30"]

1. d4 d5 2. c4 c6 3. Nf3 e6 4. e3 Bd6 5. Bd3 f5 6. O-O Nf6 7. b3 Qe7 8. Bb2 O-O 9. Nc3 Ne4 10. Ne2 Nd7 11. Rc1 Rf6 12. Ne5 Rh6 13. h3 Nxe5 14. dxe5 Bc5 15. Bd4 Ba3 16. Rc2 Bd7 17. Nf4 Be8 18. f3 Ng3 19. Rff2 g5 20. Ne2 Nxe2+ 21. Qxe2 dxc4 22. Bxc4 Rg6 23. g4 fxg4 24. fxg4 b5 25. Bd3 Rg7 26. Rf6 Rd8 27. Be4 c5 28. Bc3 a6 29. Qf3 b4 30. Be1 Bb5 31. h4 gxh4 32. Bxh4 Qd7 33. Kh2 Qc8 34. Rf2 h5 35. Rf7 1-0

[Event "Slovenian chT 2019"]
[Site "Slovenia"]
[Date "2019.11.23"]
[Round "5"]
[White "Mohr, Georg"]
[Black "Skuhala, Jernej"]
[Result "1/2-1/2"]
[WhiteElo "2437"]
[BlackElo "2266"]
[Annotator "NA"]
[PlyCount "80"]
[EventDate "2019.??.??"]
[EventCountry "SLO"]
[SourceTitle "playchess.com"]
[Source "ChessBase"]
[SourceQuality "1"]
[TimeControl "40/5400+30:1800+30"]

1. Nf3 Nf6 2. c4 e6 3. g3 d5 4. Bg2 d4 5. e3 c5 6. exd4 cxd4 7. O-O Nc6 8. Re1 Bc5 9. d3 O-O 10. Na3 Re8 11. Nc2 a5 12. Ne5 Nxe5 13. Rxe5 Nd7 14. Re1 e5 15. Bd2 Nf6 16. a3 a4 17. Nb4 Qb6 18. h3 Bd7 19. Qf3 Bxb4 20. axb4 Bc6 21. Qf5 Bxg2 22. Kxg2 Qc6+ 23. Qf3 e4 24. dxe4 Nxe4 25. b5 Qe6 26. Qd3 Qxh3+ 27. Kg1 Nc5 28. Qf3 Nb3 29. Rxe8+ Rxe8 30. Re1 Rxe1+ 31. Bxe1 Qe6 32. Qxb7 Qxe1+ 33. Kg2 g6 34. b6 Nd2 35. Qb8+ Kg7 36. Qf4 Qf1+ 37. Kh2 Qd1 38. Qxd4+ Kg8 39. Qd8+ Kg7 40. Qd4+ Kg8 1/2-1/2

[Event "Slovenian chT 2019"]
[Site "Slovenia"]
[Date "2019.11.23"]
[Round "5"]
[White "Drnovsek, Gal"]
[Black "Dobrovoljc, Vid"]
[Result "1/2-1/2"]
[WhiteElo "2394"]
[BlackElo "2370"]
[Annotator "NA"]
[PlyCount "83"]
[EventDate "2019.??.??"]
[EventCountry "SLO"]
[SourceTitle "playchess.com"]
[Source "ChessBase"]
[SourceQuality "1"]
[TimeControl "40/5400+30:1800+30"]

1. d4 d5 2. c4 c6 3. cxd5 cxd5 4. Bf4 Nc6 5. e3 Nf6 6. Nc3 Bf5 7. Qb3 Na5 8. Qa4+ Bd7 9. Bb5 e6 10. Nf3 a6 11. Bxd7+ Nxd7 12. O-O Be7 13. Rfc1 Nc4 14. Qc2 O-O 15. b3 Na3 16. Qb2 Qa5 17. Na4 b5 18. Nc5 Nxc5 19. dxc5 b4 20. c6 Rfc8 21. Qd2 Qb6 22. e4 dxe4 23. Ne5 Nb5 24. Nd7 Qd4 25. Qe1 Nc3 26. Be5 Qa7 27. Bxc3 Rxc6 28. Bxb4 Bxb4 29. Qxe4 Rxc1+ 30. Rxc1 Rd8 31. Qxb4 Qxd7 32. g3 h6 33. Qe4 Qb5 34. Kg2 Qa5 35. Rc2 g6 36. b4 Qd5 37. Qxd5 Rxd5 38. Rc8+ Kg7 39. Ra8 Rd6 40. a4 Rb6 41. a5 Rxb4 42. Rxa6 1/2-1/2

[Event "Slovenian chT 2019"]
[Site "Slovenia"]
[Date "2019.11.23"]
[Round "5"]
[White "Tomazini, Aljosa"]
[Black "Tratar, Marko"]
[Result "1/2-1/2"]
[WhiteElo "2388"]
[BlackElo "2443"]
[Annotator "NA"]
[PlyCount "60"]
[EventDate "2019.??.??"]
[EventCountry "SLO"]
[SourceTitle "playchess.com"]
[Source "ChessBase"]
[SourceQuality "1"]
[TimeControl "40/5400+30:1800+30"]

1. e4 e6 2. d4 d5 3. exd5 exd5 4. Nf3 Nf6 5. Bd3 Bd6 6. Qe2+ Qe7 7. Qxe7+ Kxe7 8. O-O Re8 9. Re1+ Kf8 10. Rxe8+ Kxe8 11. Bg5 Nbd7 12. Nbd2 h6 13. Bh4 c6 14. Bg3 Bxg3 15. hxg3 Nb6 16. Re1+ Kf8 17. Nh4 Bd7 18. b3 Re8 19. Rxe8+ Nxe8 20. Bf5 Nd6 21. Bxd7 Nxd7 22. Nhf3 Ke7 23. Kf1 f6 24. Ke2 Nf8 25. Kd3 Nf7 26. c3 Nd6 27. Ng5 hxg5 28. g4 b6 29. f3 Ke6 30. Nf1 Kd7 1/2-1/2

[Event "Slovenian chT 2019"]
[Site "Slovenia"]
[Date "2019.11.23"]
[Round "5"]
[White "Jelen, Igor"]
[Black "Lenic, Luka"]
[Result "0-1"]
[WhiteElo "2350"]
[BlackElo "2633"]
[Annotator "ChessBase"]
[PlyCount "102"]
[EventDate "2019.??.??"]
[EventCountry "SLO"]
[SourceTitle "playchess.com"]
[Source "ChessBase"]
[SourceQuality "1"]
[TimeControl "40/5400+30:1800+30"]

1. d4 Nf6 2. c4 e6 3. Nc3 Bb4 4. e3 O-O 5. Bd3 c5 6. Nf3 b6 7. O-O Bb7 8. Na4 cxd4 9. exd4 Re8 10. Bf4 Bf8 11. Re1 d6 12. h3 Nbd7 13. Rc1 Rc8 14. Nc3 a6 15. Bh2 g6 16. Bf1 Rc7 17. b4 Rc8 18. a3 Nh5 19. Rc2 Ndf6 20. Nd2 Ng7 21. Nb3 Nf5 22. a4 h5 23. a5 Ba8 24. Na4 Nd7 25. axb6 Nxb6 26. Nb2 Bg7 27. Qd2 Qh4 28. Bf4 Qe7 29. Bg5 Qb7 30. Na5 Qb8 31. Nb3 Bb7 32. Rcc1 Nd7 33. Ra1 Nf6 34. Qd3 Ne4 35. Bc1 Ba8 36. Rxe4 Bxe4 37. Qxe4 Qxb4 38. Nd2 Bxd4 39. Nd3 Qb6 40. Rb1 Qc6 41. g4 hxg4 42. Qxc6 Rxc6 43. hxg4 Ne7 44. Nb4 Rb6 45. c5 Bxc5 46. Nxa6 Rxb1 47. Nxb1 Bb6 48. Nb4 Rb8 49. Nd3 Bxf2+ 50. Nxf2 Rxb1 51. Ba3 Nd5 0-1

[Event "Slovenian chT 2019"]
[Site "Slovenia"]
[Date "2019.11.23"]
[Round "5"]
[White "Gjuran, Denis"]
[Black "Mikhalchishin, Adrian"]
[Result "1/2-1/2"]
[WhiteElo "2331"]
[BlackElo "2467"]
[Annotator "ChessBase"]
[PlyCount "38"]
[EventDate "2019.??.??"]
[EventCountry "SLO"]
[SourceTitle "playchess.com"]
[Source "ChessBase"]
[SourceQuality "1"]
[TimeControl "40/5400+30:1800+30"]

1. e4 e5 2. Nf3 Nc6 3. Bc4 Nf6 4. d3 h6 5. O-O d6 6. c3 g5 7. Re1 Bg7 8. d4 O-O 9. dxe5 dxe5 10. Qxd8 Rxd8 11. Nbd2 Ne8 12. Nf1 Nd6 13. Bb3 Ne7 14. h4 g4 15. N3h2 Ne8 16. Ne3 Nf6 17. Nc4 Ne8 18. Ne3 Nf6 19. Nc4 Ne8 1/2-1/2

[Event "Slovenian chT 2019"]
[Site "Slovenia"]
[Date "2019.11.23"]
[Round "5"]
[White "Bratkovic, Jakob"]
[Black "Antal, Tibor Kende"]
[Result "0-1"]
[WhiteElo "2308"]
[BlackElo "2424"]
[Annotator "NA RC"]
[PlyCount "50"]
[EventDate "2019.??.??"]
[EventCountry "SLO"]
[SourceTitle "playchess.com"]
[Source "ChessBase"]
[SourceQuality "1"]
[TimeControl "40/5400+30:1800+30"]

1. e4 c5 2. Nf3 d6 3. d4 cxd4 4. Nxd4 Nf6 5. Nc3 a6 6. Bg5 Nbd7 7. Qe2 Qc7 8. f4 b5 9. g4 Bb7 10. Bg2 e6 11. O-O-O Be7 12. a3 Rc8 13. h4 Qc4 14. Qd2 b4 15. axb4 Qxb4 16. e5 Bxg2 17. Qxg2 dxe5 18. Bxf6 Bxf6 19. Ndb5 axb5 20. Rxd7 exf4 21. Qb7 O-O 22. Rxf7 Bxc3 23. Rxf8+ Rxf8 24. bxc3 Qxc3 25. Qxb5 Ra8 0-1

[Event "Slovenian chT 2019"]
[Site "Slovenia"]
[Date "2019.11.23"]
[Round "5"]
[White "Trussevich, Sergey"]
[Black "Rozic, Samo"]
[Result "0-1"]
[WhiteElo "2274"]
[BlackElo "2205"]
[Annotator "ChessBase"]
[PlyCount "118"]
[EventDate "2019.??.??"]
[EventCountry "SLO"]
[SourceTitle "playchess.com"]
[Source "ChessBase"]
[SourceQuality "1"]
[TimeControl "40/5400+30:1800+30"]

1. d4 f5 2. g3 Nf6 3. Bg2 g6 4. Nf3 Bg7 5. Nc3 O-O 6. O-O d6 7. Qd3 d5 8. Ne5 c6 9. f3 Nfd7 10. f4 Nxe5 11. fxe5 e6 12. Nd1 Qb6 13. Kh1 c5 14. e3 Bd7 15. a4 Nc6 16. c3 c4 17. Qe2 Na5 18. Bd2 Nb3 19. a5 Nxa5 20. Be1 Nb3 21. Rb1 Qd8 22. Nf2 a5 23. Nh3 Qe7 24. g4 fxg4 25. Rxf8+ Rxf8 26. Qxg4 Qf7 27. Nf4 Qf5 28. Qxf5 gxf5 29. Nxd5 exd5 30. Bxd5+ Kh8 31. Bxc4 a4 32. e6 Be8 33. d5 Bh6 34. Bxb3 axb3 35. Bg3 Bxe3 36. Be5+ Kg8 37. h3 Bb5 38. Re1 Bc5 39. d6 Rd8 40. d7 Bxd7 41. exd7 Rxd7 42. Rf1 Rd2 43. c4 Bf2 44. Bc3 Rc2 45. Rd1 Bg3 46. Rd7 f4 47. Rxb7 Kf8 48. Rxb3 Ke7 49. c5 Ke6 50. Rb6+ Kd5 51. Rd6+ Ke4 52. Rd2 Rxd2 53. Bxd2 f3 54. Kg1 Kd3 55. Kf1 Kxd2 56. b4 Kc3 57. b5 Kd4 58. b6 Kxc5 59. b7 Kd4 0-1